000 00733nam a2200253 a 4500
008
020 _a0395560837(hbk.)
049 _aMAIN
050 0 0 _aHF5415.12
_bGRO
245 0 0 _aBusiness marketing /
_cAndrew C. Gross.
260 _aBoston :
_bHoughton Mifflin,
_cc1993.
300 _axxi, 763 p.[various pagings] :
_bill. (some col.) ;
_c24 cm.
504 _aIncludes bibliographical references.
500 _aIncludes index
650 0 _aIndustrial marketing.
700 _aFord David I.
700 _aMeredith N.Lindsay
700 _aBanting M. Peter.
907 _a.b10281241
_b27-08-12
_c25-08-10
003
005 20230123125038.0
040 _cNUST
942 _cBOOKS
999 _c134740
_d134740